<?xml version="1.0" encoding="UTF-8"?>
<record
    xmlns:xsi="http://www.w3.org/2001/XMLSchema-instance"
    xsi:schemaLocation="http://www.loc.gov/MARC21/slim http://www.loc.gov/standards/marcxml/schema/MARC21slim.xsd"
    xmlns="http://www.loc.gov/MARC21/slim">

  <leader>01476nam a2200229Ia 4500</leader>
  <controlfield tag="001">a1562-39759 </controlfield>
  <controlfield tag="003">IT-MiCISF</controlfield>
  <controlfield tag="005">20230326113222.0</controlfield>
  <controlfield tag="008">161014s9999||||xx |||||||||||||| ||und||</controlfield>
  <datafield tag="040" ind1=" " ind2=" ">
    <subfield code="a">IT-MiCISF</subfield>
    <subfield code="c">IT-MiCISF</subfield>
  </datafield>
  <datafield tag="041" ind1=" " ind2=" ">
    <subfield code="a">it</subfield>
  </datafield>
  <datafield tag="100" ind1=" " ind2=" ">
    <subfield code="a">Giunco Fabrizio (a cura di)</subfield>
    <subfield code="9">59777</subfield>
  </datafield>
  <datafield tag="245" ind1=" " ind2="0">
    <subfield code="a">Aiutare chi aiuta.</subfield>
    <subfield code="b">Un progetto a sostegno della famiglia e dei volontari che operano con gli anziani</subfield>
  </datafield>
  <datafield tag="260" ind1=" " ind2=" ">
    <subfield code="a"> Milano,</subfield>
    <subfield code="b">Oltre-In dialogo,</subfield>
    <subfield code="c">1997</subfield>
  </datafield>
  <datafield tag="300" ind1=" " ind2=" ">
    <subfield code="a">pp. 157</subfield>
  </datafield>
  <datafield tag="500" ind1=" " ind2=" ">
    <subfield code="a"> / anziani, pastorale, cura, famiglia, servizi-anziani, reti-informali, non-autosufficienza, volontariato /</subfield>
  </datafield>
  <datafield tag="520" ind1=" " ind2=" ">
    <subfield code="a"> Con questo testo la Caritas Ambrosiana focalizza la propria attenzione su un aspetto poco usuale: le difficolt&#xE0; di chi assiste un anziano non autosufficiente. L'obiettivo delle varie riflessioni &#xE8; sollecitare e sostenere decanati, parrocchie e familiari sia sul piano pastorale e pedagogico che sul piano tecnico e operativo, per arrivare ad offrire alle persone anziane interventi pi&#xF9; adatti alla dimensione qualitativa e quantitativa dei problemi in gioco e suggerire nuovi e pi&#xF9; adeguati orientamenti verso le logiche del sostegno intermedio e di rete, all'interno e da parte della comunit&#xE0;.</subfield>
  </datafield>
  <datafield tag="650" ind1=" " ind2=" ">
    <subfield code="a">servizi-alla-persona</subfield>
    <subfield code="e">007</subfield>
    <subfield code="9">59778</subfield>
  </datafield>
  <datafield tag="700" ind1=" " ind2=" ">
    <subfield code="a">Colmegna V., Ambrosini M., Farina C., Fraccaro M.R., Mauri R., Milani G., Parma E., Taccani P., Ricci G., Riva A. </subfield>
    <subfield code="a">Caritas Ambrosiana</subfield>
    <subfield code="9">59779</subfield>
  </datafield>
  <datafield tag="942" ind1=" " ind2=" ">
    <subfield code="c">BK</subfield>
    <subfield code="2">ddc</subfield>
  </datafield>
  <datafield tag="999" ind1=" " ind2=" ">
    <subfield code="c">217659</subfield>
    <subfield code="d">217659</subfield>
  </datafield>
  <datafield tag="999" ind1=" " ind2=" ">
    <subfield code="b">si</subfield>
  </datafield>
  <datafield tag="952" ind1=" " ind2=" ">
    <subfield code="0">0</subfield>
    <subfield code="1">0</subfield>
    <subfield code="4">0</subfield>
    <subfield code="6">A_156239759</subfield>
    <subfield code="7">1</subfield>
    <subfield code="a">CISF</subfield>
    <subfield code="b">CISF</subfield>
    <subfield code="d">2016-10-14</subfield>
    <subfield code="l">0</subfield>
    <subfield code="o">a1562-39759 </subfield>
    <subfield code="r">2016-10-14 00:00:00</subfield>
    <subfield code="w">2016-10-14</subfield>
    <subfield code="y">BK</subfield>
    <subfield code="z">Data import 15.10.2016 / by Epidotti, Vaglietti</subfield>
  </datafield>
</record>
